| 000 | 01050nac a22002651i 4500 | ||
|---|---|---|---|
| 003 | EG-ScBUE | ||
| 005 | 20231115124557.0 | ||
| 008 | 090120s1983 mk af 000 0 ara d | ||
| 017 | _a83 / 4325 | ||
| 040 |
_aEG-ScBUE _bara _erda _cEG-ScBUE _dEG-ScBUE |
||
| 041 | 1 |
_aara _heng |
|
| 082 | 0 | 4 |
_a953.053 _bم ا ي _222 |
| 100 | 1 |
_aمايلز، س. ب.، _eمؤلف. |
|
| 245 | 1 | 0 |
_aالخليج : _bبلدانه وقبائله / _cس . ب مايلز ; ترجمة محمد أمين عبد الله. |
| 264 | 1 |
_aعمان : _bوزارة التراث القومى والثقافة، _c1983. |
|
| 300 |
_a468 صفحة ؛ _c24 سم |
||
| 336 |
_2rdacontent _aنص _btxt |
||
| 337 |
_aبدون وسيط _2rdamedia _bn |
||
| 338 |
_aمجلد _bnc _2rdacarrier |
||
| 546 | _aالنص باللغة العربية وتم ترجمته من اللغة الإنجليزية. | ||
| 651 | 7 |
_aالخليج العربي _xأحوال سياسية. _2BUEsh |
|
| 655 | _vReading book | ||
| 700 | 1 |
_aعبد الله، محمد أمين، _eمترجم. |
|
| 942 |
_cBB _2ddc |
||
| 999 |
_c6750 _d6750 |
||